Statistiques concernant Pays contenant 3 couleurs sur la carte du monde

Cliquez ici pour prendre le quiz!

Statistiques générales

  • Ce quiz a été pris 68 fois
    (45 depuis la dernière actualisation)
  • Le résultat moyen est 33 sur 75

Réponses sur la Carte

Les réponses sont colorées sur une échelle allant du rouge au vert en fonction du pourcentage des utilisateurs qui les ont devinées à leur premier essai. Vous pouvez retrouver ces pourcentages ci-dessous.
 

Statistiques - réponses

Réponse% Correct
France
100%
Allemagne
95%
Italie
90%
États-Unis
85%
Royaume-Uni
85%
Russie
85%
Russie
85%
Belgique
79%
Irlande
79%
Australie
72%
Pays-Bas
69%
Algérie
64%
Islande
64%
cuba
62%
Roumanie
62%
Norvège
59%
Chili
56%
Lituanie
56%
Luxembourg
56%
Bulgarie
54%
Mali
54%
Nouvelle-Zélande
54%
Colombie
51%
République démocratique du Congo
51%
République du Congo
51%
Estonie
46%
Hongrie
46%
Mongolie
46%
Thaïlande
46%
Madagascar
44%
Mauritanie
44%
Sénégal
44%
Bolivie
41%
Cameroun
41%
Costa Rica
41%
Côte d'Ivoire
41%
Iran
41%
Niger
41%
Oman
41%
Panama
41%
Slovaquie
41%
Yémen
41%
Jamaïque
38%
République Tchéque
38%
Tchad
38%
Angola
36%
Arménie
36%
Guinée
36%
Bosnie-Herzégovine
33%
Corée du Nord
33%
Laos
33%
Burkina Faso
31%
Liban
31%
Népal
31%
bénin
28%
Biélorussie
28%
Libéria
28%
Bahamas
26%
Sierra Leone
26%
Chypre
23%
Malte
23%
Taïwan
23%
Barbade
21%
Botswana
21%
Gabon
21%
Samoa
21%
Malawi
18%
Saint-Vincent-et-les-Grenadines
18%
Trinité-et-Tobago
18%
Burundi
15%
grenade
15%
Nauru
15%
Rwanda
15%
Maldives
13%
(Îles) Marshall
10%

Distribution des résultats

Percentile par nombre de réponses

% des personnes avec chaque résultat

Votre développement - résultats

Vous n’avez pas pris ce quiz depuis la dernière actualisation